Tolley's company law handbook 2008 (Record no. 107660)
[ view plain ]
| 000 -LEADER | |
|---|---|
| fixed length control field | 01273cam a22002895a 4500 |
| 001 - CONTROL NUMBER | |
| control field | L141429 |
| 008 - FIXED-LENGTH DATA ELEMENTS--GENERAL INFORMATION | |
| fixed length control field | 080207s2008 xxk f 001 0 eng u |
| 020 ## - INTERNATIONAL STANDARD BOOK NUMBER | |
| International Standard Book Number | 9780754533160 |
| 035 ## - SYSTEM CONTROL NUMBER | |
| System control number | (Sirsi) u141429 |
| 041 0# - LANGUAGE CODE | |
| Language code of text/sound track or separate title | eng |
| 050 04 - LIBRARY OF CONGRESS CALL NUMBER | |
| Classification number | 346.41066 $2 18 |
| 100 1# - MAIN ENTRY--PERSONAL NAME | |
| Personal name | Wareham, Robert |
| 245 00 - TITLE STATEMENT | |
| Title | Tolley's company law handbook 2008 |
| Remainder of title | first edition |
| 250 ## - EDITION STATEMENT | |
| Edition statement | 15th ed. |
| 260 ## - PUBLICATION, DISTRIBUTION, ETC. | |
| Place of publication, distribution, etc. | Croydon |
| Name of publisher, distributor, etc. | LexisNexis Butterworths |
| Date of publication, distribution, etc. | 2008 |
| 300 ## - PHYSICAL DESCRIPTION | |
| Extent | x, 1140p. |
| Dimensions | 23cm. |
| 520 ## - SUMMARY, ETC. | |
| Summary, etc. | Provides details of the requirements for annual accounts and all day to day company administration matters, plus coverage of areas such as acquisition of own shares, memorandum and articles of association, distributions, insider dealing and company names. Includes all the latest company law developments up to and including 1 October 2007. |
| 521 2# - TARGET AUDIENCE NOTE | |
| Target audience note | Advanced |
| 590 ## - LOCAL NOTE (RLIN) | |
| Local note | KA |
| 650 24 - SUBJECT ADDED ENTRY--TOPICAL TERM | |
| Topical term or geographic name entry element | COMPANIES (AUDIT, INVESTIGATION AND COMMUNITY ENTERPRISE) ACT 2004 |
| 650 24 - SUBJECT ADDED ENTRY--TOPICAL TERM | |
| Topical term or geographic name entry element | COMPANIES ACT 1985 (INTERNATIONAL ACCOUNTING STANDARDS AND OTHER ACCOUNTING AMENDMENTS) REGULATIONS 2004 |
| 650 24 - SUBJECT ADDED ENTRY--TOPICAL TERM | |
| Topical term or geographic name entry element | EUROPEAN PUBLIC LIMITED-LIABILITY COMPANY REGULATIONS 2004 |
| 650 24 - SUBJECT ADDED ENTRY--TOPICAL TERM | |
| Topical term or geographic name entry element | COMPANIES ACT 2006 |
| 651 #4 - SUBJECT ADDED ENTRY--GEOGRAPHIC NAME | |
| Geographic name | United Kingdom |
| Chronological subdivision | |
| 690 ## - LOCAL SUBJECT ADDED ENTRY--TOPICAL TERM (OCLC, RLIN) | |
| Topical term or geographic name as entry element | MANAGEMENT-BUSINESS MANAGEMENT |
| 942 ## - ADDED ENTRY ELEMENTS (KOHA) | |
| Suppress in OPAC | 0 |
| Source of classification or shelving scheme | Dewey Decimal Classification |
| Withdrawn status | Lost status | Source of classification or shelving scheme | Damaged status | Not for loan | Home library | Current library | Shelving location | Date acquired | Total Checkouts | Full call number | Barcode | Date last seen | Copy number | Price effective from | Koha item type |
|---|---|---|---|---|---|---|---|---|---|---|---|---|---|---|---|
| Dewey Decimal Classification | London | London | Books | 07/02/2008 | 346.41066 WAR | 30072614 | 06/08/2019 | 1 | 06/08/2019 | Book |